| 000 | 00848nam a2200193 i 4500 | ||
|---|---|---|---|
| 001 | 174046 | ||
| 003 | ES-MaACL | ||
| 005 | 20250303062550.0 | ||
| 008 | 100209s1906 sp |||| | spa d | ||
| 080 | _a821.134.2-2"18" | ||
| 100 | 1 |
_aPardo Bazán, Emilia, _cCondesa de, _d1851-1921 _9176434 |
|
| 245 | 1 | 0 |
_aVerdad _b: drama en cuatro actos, en prosa / _coriginal de Emilia Pardo Bazán. |
| 260 |
_aMadrid : _bSociedad de Autores Españoles, _c1906 ( _fR. Velasco) |
||
| 300 |
_a67 p. ; _c19 cm. |
||
| 500 | _aEn port.: Estrenado en el Teatro Español el 9 de febrero de 1906. | ||
| 852 |
_aES-MaACL _jF-8648(1) _z- Enc. pasta española, conservando cub. original _z- Enc. en un vol. facticio formando parte de la col. facticia "Teatro español moderno", v. 105 _z.- Dedicatoria autógrafa de la autora |
||
| 942 | _2udc | ||
| 999 |
_c174046 _d174046 |
||